Per ardua : (Record no. 6381)
[ view plain ]
| 000 -LEADER | |
|---|---|
| fixed length control field | 01077cam a22002532 4500 |
| 001 - CONTROL NUMBER | |
| control field | 6381 |
| 003 - CONTROL NUMBER IDENTIFIER | |
| rucl marc code | BD-RjUL |
| 005 - DATE AND TIME OF LATEST TRANSACTION | |
| control field | 20211208234232.0 |
| 008 - FIXED-LENGTH DATA ELEMENTS--GENERAL INFORMATION | |
| fixed length control field | 140111s1944 enkfdb 001 0 eng d |
| 035 ## - SYSTEM CONTROL NUMBER | |
| System control number | OCLC ocm01448872 from D961004M |
| -- | (BD-RjUL)6421 |
| 040 ## - CATALOGING SOURCE | |
| Transcribing agency | JPL |
| Modifying agency | OCL |
| -- | EQO |
| Original cataloging agency | BD-RjUL |
| Language of cataloging | eng |
| 041 ## - LANGUAGE CODE | |
| Language code of text/sound track or separate title | eng |
| 082 ## - DEWEY DECIMAL CLASSIFICATION NUMBER | |
| Classification number | 358.4 |
| Author mark and year | SAP 1944 |
| 100 1# - MAIN ENTRY--PERSONAL NAME | |
| Personal name | Saunders, Hilary Aidan St. George, |
| Dates associated with a name | 1898-1951 |
| 9 (RLIN) | 20106 |
| 245 10 - TITLE STATEMENT | |
| Title | Per ardua : |
| Remainder of title | the rise of British air power 1911-1939 / |
| Statement of responsibility, etc. | Hilary St. George Saunders. |
| 260 ## - PUBLICATION, DISTRIBUTION, ETC. (IMPRINT) | |
| Place of publication, distribution, etc. | London ; |
| -- | New York (etc.) : |
| Name of publisher, distributor, etc. | Oxford University Press, |
| Date of publication, distribution, etc. | 1944 |
| 300 ## - PHYSICAL DESCRIPTION | |
| Pagination | xii, 355, [1] p. : |
| Illustrations | incl. illus. (maps) tables plates, port.,facsims ; |
| Size | 21 cm. |
| 500 ## - GENERAL NOTE | |
| General note | "This will, I hope, be the first volume of a short history of the Royal air force from its beginning as an air battalion in 1911 to its apotheosis in 19--? when this war ends."--Pref. |
| 610 10 - SUBJECT ADDED ENTRY--CORPORATE NAME | |
| Corporate name or jurisdiction name as entry element | Great Britain. |
| Subordinate unit | Royal Air Force. |
| 650 #0 - SUBJECT ADDED ENTRY--TOPICAL TERM | |
| Topical term or geographic name as entry element | World War, 1914-1918 |
| General subdivision | Aerial operations. |
| 9 (RLIN) | 20108 |
| 942 ## - ADDED ENTRY ELEMENTS (KOHA) | |
| Source of classification or shelving scheme | Dewey Decimal Classification |
| Koha item type | Books |
| Lost status | Source of classification or shelving scheme | Damaged status | Not for loan | Collection code | Permanent Location | Current Location | Shelving location | Date acquired | Source of acquisition | Cost, normal purchase price | Total Checkouts | Full call number | Date last seen | Copy number | Koha item type |
|---|---|---|---|---|---|---|---|---|---|---|---|---|---|---|---|
| Dewey Decimal Classification | Not For Loan | Non-fiction | Central Library, University of Rajshahi | Central Library, University of Rajshahi | 23/06/1955 | O.U.P | 10.20 | 358.4 SAP 1944 | 11/01/2014 | C-1 | Books |